Units of Time - Statistics

General Stats
  • This quiz has been taken 35 times
  • The average score is 8 of 9
Answer Stats
Abbr. Answer Amount % Correct
d Day 24 h
100%
h Hour 60 min
100%
s Second Base
100%
min Minute 60 s
97%
wk Week 7 d
97%
yr Year 365 d
97%
n/a Century 100 yr
90%
n/a Decade 10 yr
90%
n/a Millenium 1000 yr
66%
No matching quizzes found
Score Distribution
Percent of People with Each Score
Percentile by Number Answered
Your Score History
You have not taken this quiz